000 00527nam a2200193Ia 4500
005 20250326143817.0
008 250326s9999 xx 000 0 und d
020 _a81-7473-028-1
037 _aTextbook
040 _aFMSL
_beng
_cFMSL
041 _aeng
_2eng
084 _aB3obX N5;P4
_qFMSL
100 _aAllen R G D
245 0 _aMathematical analysis for economist
_cAllen R G D
260 _aDelhi
_bDelhi, A I T B S
_c2004
300 _a548p
942 _cTB
_hB3obX N5;P4
999 _c1301147
_d1301147